Deep Work (Record no. 11236)

MARC details
000 -LEADER
fixed length control field 00318nam a22001457a 4500
003 - CONTROL NUMBER IDENTIFIER
control field OSt
008 - FIXED-LENGTH DATA ELEMENTS--GENERAL INFORMATION
fixed length control field 220521b ||||| |||| 00| 0 eng d
020 ## - INTERNATIONAL STANDARD BOOK NUMBER
International Standard Book Number 978-0-3494-1368-6
082 ## - DEWEY DECIMAL CLASSIFICATION NUMBER
Classification number 650.1 NED
100 ## - MAIN ENTRY--PERSONAL NAME
Personal name NEWPORT,Cal
245 ## - TITLE STATEMENT
Title Deep Work
260 ## - PUBLICATION, DISTRIBUTION, ETC. (IMPRINT)
Place of publication, distribution, etc U.K.
Name of publisher, distributor, etc Piatkus
Date of publication, distribution, etc 2016
300 ## - PHYSICAL DESCRIPTION
Extent 296
942 ## - ADDED ENTRY ELEMENTS (KOHA)
Source of classification or shelving scheme Dewey Decimal Classification
Koha item type Text Books

No items available.

Design & Developed by: PIET Central Library
R70 Miles Stone Pattikalyana Samalkha Panipat 132102
mail ID :- [email protected], Phone No:- 0180-2569700 Ex.216